Effective teaching strategies : lessons from research and practice (Record no. 71466)
[ view plain ]
| 000 -LEADER | |
|---|---|
| fixed length control field | 00533nam a22001817a 4500 |
| 003 - CONTROL NUMBER IDENTIFIER | |
| control field | NUST - PNEC |
| 005 - DATE AND TIME OF LATEST TRANSACTION | |
| control field | 20170116181201.0 |
| 008 - FIXED-LENGTH DATA ELEMENTS--GENERAL INFORMATION | |
| fixed length control field | 160215b xxu||||| |||| 00| 0 eng d |
| 020 ## - INTERNATIONAL STANDARD BOOK NUMBER | |
| International Standard Book Number | 9780170183284 |
| 040 ## - CATALOGING SOURCE | |
| Transcribing agency | LIBRARY |
| 082 ## - DEWEY DECIMAL CLASSIFICATION NUMBER | |
| Classification number | 371.102 KIL |
| 100 ## - MAIN ENTRY--PERSONAL NAME | |
| 9 (RLIN) | 16420 |
| Personal name | Killen, Roy |
| 245 ## - TITLE STATEMENT | |
| Title | Effective teaching strategies : lessons from research and practice |
| Statement of responsibility, etc. | Roy Killen |
| 250 ## - EDITION STATEMENT | |
| Edition statement | 5th ed. |
| 260 ## - PUBLICATION, DISTRIBUTION, ETC. | |
| Date of publication, distribution, etc. | c2009. |
| 650 ## - SUBJECT ADDED ENTRY--TOPICAL TERM | |
| 9 (RLIN) | 16421 |
| Topical term or geographic name entry element | Teachers training, classroom management, lesson planning |
| General subdivision | General |
| 942 ## - ADDED ENTRY ELEMENTS (KOHA) | |
| Source of classification or shelving scheme | |
| Koha item type | Book |
| Withdrawn status | Lost status | Source of classification or shelving scheme | Materials specified (bound volume or other part) | Damaged status | Not for loan | Permanent Location | Current Location | Shelving location | Date acquired | Source of acquisition | Cost, normal purchase price | Total Checkouts | Full call number | Barcode | Date last seen | Cost, replacement price | Price effective from | Koha item type |
|---|---|---|---|---|---|---|---|---|---|---|---|---|---|---|---|---|---|---|
| paperback | Pakistan Navy Engineering College (PNEC) | Pakistan Navy Engineering College (PNEC) | 12/07/2015 | ZS Book Agency/ Library Grant | 2097.09 | 371.102 KIL | PNECLIB-032470 | 02/15/2016 | 2097.09 | 12/07/2015 | Book |
